000
00319nam a22001457a 4500
003
OSt
005
20160727222352.0
008
160622b xxu||||| |||| 00| 0 eng d
040
_c
TEST
100
_9
430
_a
Braun, M,
245
_a
Jury of Six
260
_a
LON
_b
Sphere Book Ltd
300
_a
Jury of Six
942
_2
ddc
_c
BK
999
_c
352
_d
352